000 00254nam a2200109Ia 4500
008 190914s9999||||xx |||||||||||||| ||und||
100 _aSomerville,IAN
245 0 _aSoftware Engineering
260 _aLondon
_bPrentice
_c1994
300 _a484
942 _cBK
999 _c8698
_d8698